[Event "Vaujany 2019 Principal"]
[Site "Vaujany"]
[Date "2019.07.14"]
[Round "4.4"]
[White "Le Corre, Benjamin"]
[Black "Horvath, Jozsef"]
[Result "0-1"]
[WhiteElo "2280"]
[BlackElo "2451"]
[PlyCount "94"]
[EventDate "2019.07.??"]
[EventRounds "9"]

1. e4 c5 2. Nf3 e6 3. d4 cxd4 4. Nxd4 a6 5. Nc3 Qc7 6. Bd3 Nf6 7. Qe2 Bd6 8.
Bd2 Nc6 9. Nxc6 dxc6 10. O-O-O b5 11. Rde1 e5 12. f4 Bb7 13. fxe5 Bxe5 14. Nd5
Qd6 15. Nxf6+ Qxf6 16. Rhf1 Qe6 17. Kb1 c5 18. c3 O-O 19. Bf4 c4 20. Bc2 Rfe8
21. Bxe5 Qxe5 22. g3 Re7 23. Rf5 Qc7 24. e5 Rae8 25. Rh5 g6 26. Qd2 Rxe5 27.
Rhxe5 Rxe5 28. a4 bxa4 29. Rxe5 Qxe5 30. Qd8+ Kg7 31. Qd4 Qxd4 32. cxd4 Kf6 33.
Kc1 Ke6 34. Kd2 Kd5 35. Kc3 Bc6 36. Bd1 Bb5 37. Bf3+ Kd6 38. h4 f5 39. h5 g5
40. d5 Kc5 41. h6 g4 42. Bg2 a5 43. Bh1 Be8 44. Bg2 Bf7 45. d6 Kxd6 46. Kd4 c3
47. Kxc3 Bd5 0-1

[Event "Vaujany 2019 Principal"]
[Site "?"]
[Date "2019.07.14"]
[Round "4.5"]
[White "Zachary, Matheo"]
[Black "Varga, Zoltan"]
[Result "0-1"]
[WhiteElo "2319"]
[BlackElo "2445"]
[PlyCount "90"]

1. e4 Nf6 2. e5 Nd5 3. d4 d6 4. c4 Nb6 5. exd6 cxd6 6. Nc3 g6 7. Be3 Bg7 8. Rc1
O-O 9. b3 Bf5 10. Be2 d5 11. c5 Nc8 12. Bf3 Nc6 13. Nge2 e5 14. Bxd5 exd4 15.
Bxc6 dxe3 16. Qxd8 Rxd8 17. Bxb7 Rb8 18. c6 exf2+ 19. Kxf2 Rd2 20. Ke1 Bxc3 21.
Nxc3 Rxg2 22. Rd1 Ne7 23. Rd2 Rxd2 24. Kxd2 Rd8+ 25. Kc1 Nxc6 26. Rd1 Rxd1+ 27.
Kxd1 Bd7 28. a3 Nd4 29. b4 Nb5 30. Nxb5 Bxb5 31. Bd5 Kf8 32. Bb3 Ke7 33. Kd2 g5
34. Ke3 f5 35. Kd4 Kd6 36. Bc2 Bd7 37. Bd3 h5 38. b5 g4 39. a4 h4 40. Bf1 h3
41. Ke3 Kc5 42. Be2 Kb4 43. Bd1 g3 44. hxg3 h2 45. Bf3 Kxa4 0-1

[Event "Vaujany 2019 Principal"]
[Site "Vaujany"]
[Date "2019.07.14"]
[Round "4.6"]
[White "Najart, D.."]
[Black "Neelotpal, Das"]
[Result "0-1"]
[WhiteElo "2280"]
[BlackElo "2406"]
[PlyCount "50"]
[EventDate "2019.07.??"]
[EventRounds "9"]

1. c4 e5 2. g3 Nf6 3. Bg2 c6 4. Nf3 e4 5. Nd4 d5 6. cxd5 Qxd5 7. e3 Bc5 8. Nc3
Qe5 9. f4 Qe7 10. Nde2 Bf5 11. h3 h5 12. a3 a5 13. Qc2 Nbd7 14. g4 hxg4 15. Ng3
g6 16. Nxf5 gxf5 17. d3 gxh3 18. Rxh3 O-O-O 19. Bd2 Ng4 20. O-O-O exd3 21. Qxd3
Nf2 22. Qxf5 Nxh3 23. Bxh3 Kb8 24. Kc2 Nf6 25. e4 Rh5 0-1

[Event "Vaujany 2019 Principal"]
[Site "?"]
[Date "2019.07.14"]
[Round "4.7"]
[White "Satyapragyan, Swayangsu"]
[Black "Geher, Koppany"]
[Result "1/2-1/2"]
[WhiteElo "2390"]
[BlackElo "2211"]
[PlyCount "128"]

{[%evp 0,94,29,29,53,45,55,60,40,40,29,36,83,96,82,87,87,66,75,66,67,53,55,31,
42,58,42,1,-15,-19,21,-13,-25,-25,-21,17,-16,-16,-16,-16,-30,-30,-30,-26,0,-45,
-174,-193,10,-92,-78,-75,-72,-72,-101,-63,-65,-50,-59,-71,-100,-129,-130,-136,
-67,-71,-52,-111,-130,-130,-156,-164,-142,-183,-150,-148,-156,-156,-134,-156,
-102,-139,-90,-92,-86,-86,-81,-77,-97,-85,-85,-85,-119,-54,0,0,-54]} 1. e4 c5
2. Nc3 e6 3. Nf3 Nc6 4. d4 cxd4 5. Nxd4 Qc7 6. Be3 a6 7. a3 Be7 8. f4 b5 9.
Nxc6 dxc6 10. Qg4 g6 11. e5 Bb7 12. Qh3 h5 13. a4 Nh6 14. Bd3 Kf8 15. Bf2 Kg7
16. O-O Ng4 17. Bh4 c5 18. axb5 c4 19. Be2 Qb6+ 20. Kh1 Bxh4 21. Qxh4 Ne3 22.
Rf3 axb5 23. Qf6+ Kh6 24. Rg1 Ng4 25. Qh4 Kg7 26. Rff1 Ne3 27. Qf2 Bc6 28. Re1
Nd5 29. Qh4 Qd8 30. Qf2 Nxc3 31. bxc3 Ra2 32. Rd1 Qe7 33. Qb6 Qb7 34. Qxb7 Bxb7
35. Rd2 Rha8 36. Rb1 Ra1 37. Rdd1 Rxb1 38. Rxb1 Ra2 39. Bd1 Be4 40. h4 Bxc2 41.
Bxc2 Rxc2 42. Rxb5 Rxc3 43. Rb8 Rd3 44. Rc8 c3 45. Kg1 Rd4 46. g3 Rd3 47. Kf2
Kh7 48. Kg2 Rd2+ 49. Kf3 Rc2 50. Ke3 Rc1 51. Kf2 Kg7 52. Kg2 Rc2+ 53. Kf3 Kh7
54. Ke3 Kg7 55. Kd4 Rd2+ 56. Ke4 Re2+ 57. Kf3 Rc2 58. Ke3 Rc1 59. Kf2 f5 60.
Kg2 Kf7 61. Kf2 Ke7 62. Kg2 Rc2+ 63. Kf3 Kd7 64. Rc4 Rc1 1/2-1/2

[Event "Vaujany 2019 Principal"]
[Site "Vaujany"]
[Date "2019.07.14"]
[Round "4.8"]
[White "Bokros, Albert"]
[Black "Valles, Manuel"]
[Result "1-0"]
[WhiteElo "2472"]
[BlackElo "2390"]
[PlyCount "69"]
[EventDate "2019.07.??"]
[EventRounds "9"]

1. e4 e6 2. Qe2 c5 3. Nf3 Nc6 4. g3 Nf6 5. Bg2 d5 6. d3 Be7 7. O-O O-O 8. e5
Nd7 9. Re1 b5 10. h4 h6 11. Bf4 Bb7 12. Nbd2 Qc7 13. c3 b4 14. c4 Nb6 15. b3 a5
16. Nf1 Rfc8 17. Ne3 Qd8 18. Rad1 Nd4 19. Nxd4 cxd4 20. Nc2 Bc5 21. Qg4 Kh8 22.
Bc1 a4 23. Nxd4 axb3 24. axb3 Ra2 25. Be3 Nd7 26. Qh5 Qb6 27. Nb5 Bxe3 28. Rxe3
Rca8 29. d4 Ra1 30. Nd6 Qxd4 31. Ree1 Rxd1 32. Rxd1 Ra1 33. Rxa1 Qxa1+ 34. Kh2
Nxe5 35. Qxe5 1-0

[Event "Vaujany 2019 Principal"]
[Site "Vaujany"]
[Date "2019.07.14"]
[Round "4.9"]
[White "Turova, Irina"]
[Black "Degardin, S.."]
[Result "1/2-1/2"]
[WhiteElo "2418"]
[BlackElo "2180"]
[PlyCount "65"]
[EventDate "2019.07.??"]
[EventRounds "9"]

1. d4 d5 2. c4 e6 3. Nc3 Be7 4. cxd5 exd5 5. Bf4 c6 6. e3 Bf5 7. Bd3 Bxd3 8.
Qxd3 Nf6 9. h3 Nbd7 10. Nf3 O-O 11. O-O Re8 12. Rab1 a5 13. Qc2 Nf8 14. Ne5 Bd6
15. a3 Ng6 16. Nxg6 hxg6 17. Bxd6 Qxd6 18. b4 axb4 19. axb4 b5 20. Rfc1 Nd7 21.
Ne2 Rec8 22. Nf4 Nb6 23. Nd3 Nc4 24. Ra1 Qd8 25. Nc5 Rxa1 26. Rxa1 Ra8 27. Qb1
Nd2 28. Qd1 Nc4 29. h4 Qb8 30. Nd7 Qb7 31. Nc5 Qb8 32. Nd7 Qb7 33. Nc5 1/2-1/2

[Event "Vaujany 2019 Principal"]
[Site "?"]
[Date "2019.07.14"]
[Round "4.10"]
[White "Migot, Tangi"]
[Black "Trabet, Nicolas"]
[Result "0-1"]
[WhiteElo "2407"]
[BlackElo "2162"]
[PlyCount "100"]

1. Nf3 Nf6 2. g3 b5 3. Bg2 Bb7 4. O-O e6 5. d3 c5 6. c4 a6 7. b3 Be7 8. Bb2 O-O
9. Nbd2 Qb6 10. e4 d6 11. Nh4 Nbd7 12. f4 bxc4 13. dxc4 Ne8 14. Nhf3 Bf6 15. e5
Be7 16. Qe2 a5 17. Kh1 a4 18. Rfb1 axb3 19. Bc3 d5 20. Nxb3 Qc7 21. Na5 Bc8 22.
cxd5 exd5 23. e6 Ndf6 24. Ng5 Rxa5 25. exf7+ Rxf7 26. Bxa5 Qxa5 27. Nxf7 Kxf7
28. Re1 Qd8 29. a4 c4 30. h3 g6 31. Kh2 Nc7 32. a5 Ba6 33. Red1 d4 34. Rac1 d3
35. Qa2 Qd4 36. Bf1 Ncd5 37. Rc2 Nb4 38. Bxd3 Nxd3 39. Qa4 Qd5 40. Rb1 Nc5 41.
Qa1 Nb3 42. Qe5 Qxe5 43. fxe5 Ne4 44. e6+ Kxe6 45. Rxb3 cxb3 46. Rc6+ Kd5 47.
Rxa6 Bc5 48. Ra8 Kc4 49. Re8 Nd6 50. Rb8 Nb5 0-1

[Event "Vaujany 2019 Principal"]
[Site "?"]
[Date "2019.07.14"]
[Round "4.11"]
[White "Thomas, Anysia"]
[Black "Di Nicolantonio, Lucas"]
[Result "0-1"]
[WhiteElo "2159"]
[BlackElo "2396"]
[PlyCount "96"]

1. d4 d6 2. Nf3 g6 3. c4 f5 4. g3 Bg7 5. Bg2 Nf6 6. O-O O-O 7. Nbd2 c6 8. b3 e5
9. dxe5 dxe5 10. Ba3 e4 11. Bxf8 exf3 12. Bxg7 fxg2 13. Kxg2 Kxg7 14. Qc2 c5
15. Rad1 Qe7 16. Qc3 b6 17. Nf3 Bb7 18. Kg1 Nc6 19. Rd2 Kg8 20. Qb2 Ne4 21. Rd3
Re8 22. Rfd1 Bc8 23. a3 a5 24. Kg2 Be6 25. Ne5 Qg7 26. f4 a4 27. bxa4 Nxe5 28.
fxe5 Qb7 29. Kg1 Ng5 30. h4 Nh3+ 31. Kh2 Nf2 32. Rd8 Nxd1 33. Rxe8+ Kf7 34. Rh8
Kg7 35. Qd2 Kxh8 36. Qd8+ Bg8 37. Qxd1 Qe7 38. e6 Bxe6 39. Qa1+ Qg7 40. Qb1 Qc7
41. Qb5 Kg7 42. Qb2+ Kg8 43. Qb5 Kf7 44. Qb2 Qd8 45. Qc3 Qd4 46. Qf3 Qe4 47.
Qc3 Qxe2+ 48. Kh3 f4+ 0-1

[Event "Vaujany 2019 Principal"]
[Site "?"]
[Date "2019.07.14"]
[Round "4.12"]
[White "Gelas, Christophe"]
[Black "Fodor, Balazs"]
[Result "1-0"]
[WhiteElo "2317"]
[BlackElo "2154"]
[PlyCount "171"]

1. d4 d5 2. c4 c6 3. cxd5 cxd5 4. Bf4 Nc6 5. e3 Nf6 6. Nc3 a6 7. Bd3 Bg4 8. Qb3
Ra7 9. Rc1 e6 10. f3 Bh5 11. Nge2 Bg6 12. Bxg6 hxg6 13. Bg3 Bd6 14. Bf2 O-O 15.
O-O Qb8 16. h3 Na5 17. Qc2 Rc8 18. e4 Bf8 19. Bg3 Qa8 20. Qd3 b5 21. e5 Nd7 22.
a4 b4 23. Nb1 Rac7 24. b3 Rxc1 25. Rxc1 Rxc1+ 26. Nxc1 Qc6 27. Ne2 Nb7 28. Nd2
a5 29. Bh4 Nb6 30. Qa6 Qc7 31. Kf1 Nd7 32. Qd3 Nd8 33. f4 Nc6 34. g4 Be7 35.
Bg3 Nf8 36. Nf3 Nb8 37. Ke1 Qc6 38. Kd1 Nbd7 39. Be1 Bd8 40. Bd2 Be7 41. Ng3
Bd8 42. h4 Nb6 43. h5 gxh5 44. Nxh5 Nxa4 45. bxa4 Qxa4+ 46. Ke2 Qa2 47. Ke3 b3
48. Bc3 b2 49. Nd2 a4 50. Qb1 Qa3 51. Qxb2 Qe7 52. Ng3 Qa7 53. Bb4 Nd7 54. Ne2
g5 55. Kf3 gxf4 56. Nxf4 Bb6 57. Bc3 a3 58. Qa1 Qa4 59. Ne2 f6 60. exf6 Nxf6
61. Qb1 Nd7 62. Qg6+ Kf8 63. Qxe6 a2 64. Qxd5 Ba5 65. Qf5+ Ke7 66. Qg5+ Ke8 67.
Qe3+ Kf7 68. Ba1 Bxd2 69. Qxd2 Nf6 70. Nc3 Qc6+ 71. d5 Qc4 72. Qxa2 Qxg4+ 73.
Ke3 Qg3+ 74. Kd4 Qf4+ 75. Kd3 Qf1+ 76. Kc2 Qf2+ 77. Kb1 Qg1+ 78. Kb2 Qf2+ 79.
Ka3 Qc5+ 80. Kb3 Qb6+ 81. Kc4 Qc7+ 82. Kb4 Qf4+ 83. Qc4 Qd6+ 84. Kb3 Nd7 85.
Ne4 Qb6+ 86. Kc2 1-0

[Event "Vaujany 2019 Principal"]
[Site "Vaujany"]
[Date "2019.07.14"]
[Round "4.19"]
[White "Lemasle, Raphael"]
[Black "Womacka, Mathias"]
[Result "0-1"]
[WhiteElo "2039"]
[BlackElo "2449"]
[PlyCount "120"]
[EventDate "2019.07.??"]
[EventRounds "9"]

1. d4 Nf6 2. Bg5 Ne4 3. Bf4 c5 4. f3 Qa5+ 5. c3 Nf6 6. d5 Qb6 7. Bc1 e6 8. e4
exd5 9. exd5 Bd6 10. Na3 O-O 11. Bd3 Re8+ 12. Ne2 Bf8 13. Nc4 Qa6 14. Ne3 b5
15. b3 c4 16. bxc4 Bc5 17. cxb5 Qa5 18. Kf2 Bb7 19. Bc4 d6 20. Bd2 Qb6 21. Nd4
Bxd4 22. cxd4 Qxd4 23. Re1 Rxe3 24. Bxe3 Qxc4 25. Rc1 Qxb5 26. Rb1 Qxd5 27. Bd4
Nbd7 28. Re7 Bc6 29. Bxf6 Nxf6 30. Qxd5 Bxd5 31. Rxa7 Re8 32. Rd1 h5 33. a4 Rc8
34. Ra6 Rc2+ 35. Kg1 Ra2 36. Rxd6 Bb3 37. R1d4 Bxa4 38. Ra6 Bb3 39. Rxa2 Bxa2
40. h4 Be6 41. Kf2 Kh7 42. Ra4 Nd5 43. g3 Kg6 44. Ra5 Kf5 45. Ra4 Nf6 46. Rb4
Bd5 47. Rf4+ Ke5 48. Ra4 g6 49. Rb4 Ne8 50. Rb1 Ng7 51. Re1+ Kd6 52. Rc1 Nf5
53. Rd1 Ne7 54. g4 Nc6 55. gxh5 gxh5 56. f4 Ne7 57. Rg1 Be6 58. Rg7 f6 59. Rh7
Bg4 60. Rf7 Ke6 0-1

[Event "Vaujany 2019 Principal"]
[Site "Vaujany"]
[Date "2019.07.15"]
[Round "5.1"]
[White "Bailet, Pierre"]
[Black "Joie, Sebastien"]
[Result "1/2-1/2"]
[WhiteElo "2494"]
[BlackElo "2402"]
[PlyCount "59"]
[EventDate "2019.07.??"]
[EventRounds "9"]

1. e4 e5 2. Nf3 Nf6 3. Nxe5 d6 4. Nc4 Nxe4 5. Qe2 Qe7 6. Ne3 Nc6 7. Nd5 Nd4 8.
Nxe7 Nxe2 9. Nxc8 Nxc1 10. Nc3 Nxc3 11. dxc3 Rxc8 12. Rxc1 c6 13. Kd2 g6 14.
Re1+ Kd7 15. g3 h5 16. Re2 Bg7 17. Bh3+ f5 18. Rhe1 Rce8 19. Rxe8 Rxe8 20. Rxe8
Kxe8 21. Kd3 d5 22. a4 Ke7 23. b4 Kd6 24. c4 dxc4+ 25. Kxc4 b6 26. b5 c5 27. c3
Bf6 28. f4 Bg7 29. Bg2 Bh6 30. h4 1/2-1/2

[Event "Vaujany 2019 Principal"]
[Site "Vaujany"]
[Date "2019.07.15"]
[Round "5.2"]
[White "Varga, Zoltan"]
[Black "Turov, Maxim"]
[Result "0-1"]
[WhiteElo "2445"]
[BlackElo "2566"]
[PlyCount "44"]
[EventDate "2019.07.??"]
[EventRounds "9"]

1. e4 c6 2. c4 d5 3. exd5 cxd5 4. d4 Nf6 5. Nc3 Nc6 6. Bg5 Ne4 7. Nxe4 dxe4 8.
d5 Ne5 9. Qd4 f6 10. Qxe4 Qb6 11. O-O-O g6 12. Be3 Qa5 13. Qc2 Qxa2 14. b4 Qa3+
15. Qb2 Qa4 16. Kd2 e6 17. c5 exd5 18. f4 Nc6 19. Qxf6 Qxb4+ 20. Ke2 Rg8 21.
Nf3 Be7 22. Qa1 Bg4 0-1

[Event "Vaujany 2019 Principal"]
[Site "Vaujany"]
[Date "2019.07.15"]
[Round "5.3"]
[White "Horvath, Jozsef"]
[Black "Neelotpal, Das"]
[Result "1-0"]
[WhiteElo "2451"]
[BlackElo "2406"]
[PlyCount "68"]
[EventDate "2019.07.??"]
[EventRounds "9"]

1. Nf3 Nf6 2. c4 e6 3. g3 d5 4. b3 Be7 5. Bb2 O-O 6. Bg2 c5 7. cxd5 Nxd5 8. O-O
b6 9. d4 Bb7 10. dxc5 Bxc5 11. Nbd2 Nf6 12. Nc4 Nbd7 13. Rc1 Qe7 14. a3 a5 15.
Nd4 Ne4 16. e3 Rfd8 17. Qe2 Rac8 18. Nb5 Ndf6 19. Rfd1 h5 20. Ne5 Bd5 21. Nc4
Qb7 22. Bxf6 Nxf6 23. Bxd5 exd5 24. Ne5 Qe7 25. Qb2 Re8 26. Nd3 Ng4 27. Nxc5
Rxc5 28. Rxc5 Qxc5 29. Nd4 Rc8 30. a4 g6 31. Rd2 Qc1+ 32. Kg2 Qxb2 33. Rxb2 Ne5
34. Kf1 Nd3 $138 {time/tombé/Zeitueberschreitung} 1-0

[Event "Vaujany 2019 Principal"]
[Site "Vaujany"]
[Date "2019.07.15"]
[Round "5.4"]
[White "Geher, Koppany"]
[Black "Bokros, Albert"]
[Result "0-1"]
[WhiteElo "2211"]
[BlackElo "2472"]
[PlyCount "60"]
[EventDate "2019.07.??"]
[EventRounds "9"]

1. e4 c5 2. Nf3 b6 3. d4 cxd4 4. Nxd4 Bb7 5. Nc3 a6 6. Bd3 e6 7. O-O Bc5 8. Nb3
Be7 9. f4 d6 10. Qf3 Nf6 11. Be3 Nbd7 12. Qh3 b5 13. a3 Rc8 14. Rae1 e5 15. Kh1
O-O 16. Bd2 Nb6 17. Nd5 Nbxd5 18. exd5 e4 19. Bxe4 Nxe4 20. Rxe4 f5 21. Rd4 Bf6
22. Qxf5 Bxd4 23. Qe6+ Kh8 24. Nxd4 Rf6 25. Qe4 Qe8 26. Qf3 Qf7 27. Nc6 Rf5 28.
Nb4 a5 29. Nd3 Rxc2 30. Bc3 Bxd5 0-1

[Event "Vaujany 2019 Principal"]
[Site "Vaujany"]
[Date "2019.07.15"]
[Round "5.5"]
[White "Sundararajan, Kidambi"]
[Black "Carre, Sylvain"]
[Result "1-0"]
[WhiteElo "2413"]
[BlackElo "2204"]
[PlyCount "57"]
[EventDate "2019.07.??"]
[EventRounds "9"]

1. c4 c6 2. Nf3 Nf6 3. Nc3 d5 4. e3 Bf5 5. Qb3 Qb6 6. cxd5 Qxb3 7. axb3 Nxd5 8.
Bc4 Nb6 9. e4 Nxc4 10. bxc4 Bg4 11. Ne5 Bc8 12. d4 Nd7 13. Nxd7 Bxd7 14. Na4
Rd8 15. Nc5 Bc8 16. Be3 a6 17. Ke2 e6 18. Na4 b5 19. Nb6 Bb7 20. c5 Be7 21.
Rhd1 Bf6 22. b4 O-O 23. Ra3 g6 24. Rad3 h5 25. Bf4 Kg7 26. Bc7 Rde8 27. Be5 Rd8
28. f4 h4 29. Bd6 1-0

[Event "Vaujany 2019 Principal"]
[Site "?"]
[Date "2019.07.15"]
[Round "5.6"]
[White "Di Nicolantonio, Lucas"]
[Black "Khachatryan, Samvel S."]
[Result "1-0"]
[WhiteElo "2396"]
[BlackElo "2194"]
[PlyCount "81"]

{[%evp 0,81,29,24,24,24,24,27,66,25,24,32,29,17,35,18,18,9,16,6,25,-6,6,1,11,
-6,1,1,9,4,4,4,22,39,36,20,67,60,69,48,127,-5,-2,1,1,1,5,17,78,88,88,84,104,
107,110,102,122,122,145,122,251,241,241,216,221,264,202,202,185,185,300,307,
323,330,330,337,339,299,329,324,379,382,433,442]} 1. d4 Nf6 2. Bf4 e6 3. e3 Bd6
4. Nh3 Bxf4 5. Nxf4 b6 6. Qf3 d5 7. Nc3 Bb7 8. O-O-O Nbd7 9. g4 Qe7 10. g5 Ne4
11. Nxe4 dxe4 12. Qg3 O-O-O 13. Bg2 e5 14. Ne2 Kb8 15. Nc3 exd4 16. Rxd4 Nc5
17. Rhd1 Rxd4 18. exd4 Ne6 19. h4 Rd8 20. Qe3 f5 21. d5 Nc5 22. f3 Re8 23. fxe4
fxe4 24. b4 Nd7 25. Qxe4 Qf8 26. Qd4 a5 27. a3 axb4 28. axb4 Qd6 29. Bh3 Nf8
30. Nb5 Qe5 31. Qxe5 Rxe5 32. Rf1 Ng6 33. h5 Ne7 34. d6 cxd6 35. Rf8+ Bc8 36.
Nxd6 Rxg5 37. Nxc8 Nxc8 38. Rxc8+ Kb7 39. Rg8 Rxh5 40. Rxg7+ Ka6 41. Bf1+ 1-0

[Event "Vaujany 2019 Principal"]
[Site "?"]
[Date "2019.07.15"]
[Round "5.7"]
[White "Li, Henry"]
[Black "Satyapragyan, Swayangsu"]
[Result "1-0"]
[WhiteElo "2249"]
[BlackElo "2390"]
[PlyCount "77"]

{[%evp 0,77,29,29,29,29,29,-7,16,-1,-15,0,16,0,-6,-4,12,-33,-19,-11,3,5,-7,-6,
2,-8,-8,0,45,32,32,-4,19,-2,25,-20,8,31,31,-38,-15,-65,-49,-29,-43,-25,56,105,
90,88,114,114,76,99,95,-3,94,138,207,206,239,186,363,234,376,212,279,207,183,
217,217,217,243,223,180,182,182,262,697,728]} 1. e4 e5 2. Nf3 Nc6 3. Bb5 a6 4.
Ba4 Nf6 5. O-O Be7 6. Re1 b5 7. Bb3 d6 8. c3 O-O 9. h3 Na5 10. Bc2 c5 11. d4
Nd7 12. Nbd2 exd4 13. cxd4 Nc6 14. d5 Nce5 15. Nh2 c4 16. f4 Nd3 17. Bxd3 cxd3
18. Ndf3 f5 19. Nd4 Nc5 20. Nc6 Qc7 21. exf5 Bh4 22. g3 Bf6 23. Ng4 Bxf5 24.
Nxf6+ Rxf6 25. Re7 Qc8 26. b4 Na4 27. Be3 Bxh3 28. Qxd3 Rg6 29. Bd4 Bf5 30. Qe3
h5 31. Kf2 Bd7 32. Rxd7 Qxd7 33. Ne7+ Kf7 34. Nxg6 Kxg6 35. Re1 Kh7 36. Qe7 Qg4
37. Rh1 Rc8 38. Qe4+ Kg8 39. Rh4 1-0

[Event "Vaujany 2019 Principal"]
[Site "Vaujany"]
[Date "2019.07.15"]
[Round "5.8"]
[White "Konguvel, Ponnuswamy"]
[Black "Sabatier, Mathis"]
[Result "1-0"]
[WhiteElo "2343"]
[BlackElo "2105"]
[PlyCount "109"]
[EventDate "2019.07.??"]
[EventRounds "9"]

1. e4 e5 2. Nf3 Nc6 3. Bb5 a6 4. Ba4 Nf6 5. O-O Be7 6. Re1 b5 7. Bb3 d6 8. c3
O-O 9. h3 Na5 10. Bc2 c5 11. d4 Nd7 12. a4 b4 13. cxb4 cxb4 14. Nbd2 Qb6 15.
Nb3 Bb7 16. dxe5 Nxe5 17. Be3 Qc7 18. Nxa5 Nxf3+ 19. Qxf3 Qxa5 20. Bd4 Qg5 21.
Bb3 Rac8 22. Rad1 Qg6 23. Qf4 Bg5 24. Qg4 Rfe8 25. h4 Bd8 26. Qf4 Rc7 27. f3
Rce7 28. Bf2 Bc7 29. Qg5 Qxg5 30. hxg5 Re5 31. Be3 Rd8 32. Rc1 Bb8 33. Red1 a5
34. Kf2 Kf8 35. Bd5 Bxd5 36. Rxd5 Rxd5 37. exd5 Ke7 38. Bb6 Rd7 39. Re1+ Kf8
40. Bxa5 Ba7+ 41. Kf1 Bc5 42. Re4 Re7 43. Rxe7 Kxe7 44. Ke2 f6 45. gxf6+ Kxf6
46. Kd3 Ke5 47. Kc4 b3 48. Bc3+ Kf4 49. Bd4 Bxd4 50. Kxd4 Kg3 51. a5 h5 52. a6
h4 53. a7 Kxg2 54. a8=Q h3 55. Qg8 1-0

[Event "Vaujany 2019 Principal"]
[Site "?"]
[Date "2019.07.15"]
[Round "5.9"]
[White "Trabet, Nicolas"]
[Black "Gelas, Christophe"]
[Result "0-1"]
[WhiteElo "2162"]
[BlackElo "2317"]
[PlyCount "58"]

{[%evp 0,58,29,-3,45,41,45,6,44,29,45,-6,16,-5,-3,-13,3,15,17,-4,5,-5,9,2,0,-5,
0,0,-8,-17,4,28,57,-8,21,-39,-30,-39,-39,-41,-36,7,42,134,134,107,121,-55,-66,
-95,-95,-148,-116,-86,-21,-39,-39,-49,-158,-29997,-29998]} 1. c4 c6 2. Nc3 d5
3. d4 Nf6 4. cxd5 cxd5 5. Bg5 Nc6 6. Bxf6 gxf6 7. e3 e6 8. Nf3 a6 9. Rc1 Bd7
10. Bd3 Rc8 11. O-O f5 12. a3 Bd6 13. g3 O-O 14. Nh4 Kh8 15. Qh5 Rg8 16. Kh1
Qg5 17. Qe2 Qf6 18. f4 Qh6 19. Rg1 f6 20. Na4 Nxd4 21. exd4 Rxc1 22. Rxc1 Bxf4
23. Rg1 Be3 24. Re1 Bxd4 25. Nc3 f4 26. Nf3 Ba7 27. gxf4 Qxf4 28. Rf1 Bc6 29.
Qxe6 Qxf3+ 0-1

[Event "Vaujany 2019 Principal"]
[Site "Vaujany"]
[Date "2019.07.15"]
[Round "5.10"]
[White "Womacka, Mathias"]
[Black "Bressy, Theo"]
[Result "1/2-1/2"]
[WhiteElo "2448"]
[BlackElo "2182"]
[PlyCount "82"]
[EventDate "2019.07.??"]
[EventRounds "9"]

1. e4 e6 2. d4 d5 3. Nd2 Nf6 4. e5 Nfd7 5. Bd3 c5 6. c3 Nc6 7. Ne2 cxd4 8. cxd4
f6 9. exf6 Nxf6 10. Nf3 Bd6 11. O-O Qc7 12. Nc3 a6 13. Bd2 O-O 14. Rc1 Bd7 15.
Re1 Ng4 16. g3 h6 17. Bf1 Qb6 18. Na4 Qa7 19. Bh3 e5 20. Qb3 Nxd4 21. Nxd4 Qxd4
22. Be3 Bxa4 23. Bxd4 Bxb3 24. Bxg4 Bxa2 25. Bxe5 Bxe5 26. Be6+ Kh8 27. Rxe5
Rad8 28. f4 Bc4 29. h4 b5 30. Kf2 Rd6 31. Ke1 Re8 32. Bf7 Rf8 33. Re7 a5 34.
Kd2 a4 35. h5 b4 36. Ra1 Ra8 37. Rxa4 Rxa4 38. Re8+ Kh7 39. Bg8+ Kh8 40. Bf7+
Kh7 41. Bg8+ Kh8 1/2-1/2

[Event "Vaujany 2019 Principal"]
[Site "?"]
[Date "2019.07.15"]
[Round "5.12"]
[White "Valles, Manuel"]
[Black "Pupier, Tthierry"]
[Result "1-0"]
[WhiteElo "2390"]
[BlackElo "2141"]
[PlyCount "103"]

1. c4 e5 2. Nc3 Nc6 3. Nf3 g6 4. d4 exd4 5. Nxd4 Bg7 6. Nxc6 bxc6 7. e4 d6 8.
h4 Qe7 9. Bd3 Nf6 10. Bg5 h6 11. Bf4 Nd7 12. Qd2 Nc5 13. Be2 Rb8 14. f3 Qf6 15.
Rb1 a5 16. Be3 Ba6 17. Nd1 Qe5 18. O-O Ne6 19. f4 Qf6 20. Qxa5 Ra8 21. h5 O-O
22. Qd2 gxh5 23. b3 h4 24. Nf2 Qe7 25. Rbe1 c5 26. Bd3 Bc8 27. Bb1 Rd8 28. Qd1
Bc3 29. Qg4+ Ng7 30. f5 h5 31. Qf3 Bxe1 32. Rxe1 Qe5 33. Nd3 Qg3 34. Bf2 Qg5
35. Qh3 Qg4 36. Bxh4 Re8 37. Qxg4 hxg4 38. Nf4 Bb7 39. Kf2 Bc6 40. Bf6 Rab8 41.
Bc3 Rf8 42. Rh1 Rbe8 43. Rh4 f6 44. Ng6 g3+ 45. Kxg3 Kf7 46. Nxf8 Rxf8 47. Kf4
Ne8 48. Rh7+ Kg8 49. Re7 Rf7 50. Rxf7 Kxf7 51. g4 Ng7 52. Bd3 1-0

[Event "Vaujany 2019 Principal"]
[Site "Vaujany"]
[Date "2019.07.15"]
[Round "5.13"]
[White "Degardin, S.."]
[Black "Saravanan, V.."]
[Result "1/2-1/2"]
[WhiteElo "2180"]
[BlackElo "2332"]
[PlyCount "48"]
[EventDate "2019.07.??"]
[EventRounds "9"]

1. e4 e5 2. Nf3 Nc6 3. Bc4 Bc5 4. O-O Nf6 5. d3 O-O 6. h3 d6 7. c3 a6 8. a4 Ba7
9. Re1 Be6 10. Bxe6 fxe6 11. Be3 Nh5 12. g3 Qf6 13. Nbd2 Bxe3 14. Rxe3 Qh6 15.
Nh2 Rf7 16. Rf3 Nf6 17. Kg2 Raf8 18. b4 Ne7 19. Ra2 Ng6 20. Qe1 Qg5 21. Kh1 Qh6
22. Kg2 Qg5 23. Kh1 Qh6 24. Kg2 Qg5 1/2-1/2

[Event "Vaujany 2019 Principal"]
[Site "?"]
[Date "2019.07.15"]
[Round "5.23"]
[White "Fodor, Balazs"]
[Black "Christophe-Hayot, Romain"]
[Result "1-0"]
[WhiteElo "2154"]
[BlackElo "1712"]
[PlyCount "63"]

1. d4 d5 2. c4 c6 3. Nf3 Nf6 4. Nc3 e6 5. e3 Bb4 6. Bd3 Nbd7 7. O-O O-O 8. Qc2
Re8 9. b3 Qe7 10. Bb2 Ba3 11. e4 Bxb2 12. Qxb2 dxe4 13. Nxe4 Nxe4 14. Bxe4 f5
15. Bc2 Qd6 16. Rfe1 Nf6 17. Ne5 Bd7 18. Rad1 Rad8 19. b4 a6 20. a3 Bc8 21. Bb3
Kf8 22. c5 Qe7 23. Nc4 Nd5 24. Nd6 Rxd6 25. cxd6 Qxd6 26. Bxd5 cxd5 27. Rc1 Bd7
28. Re5 Bb5 29. Qc3 Bc4 30. Qg3 g6 31. Rxf5+ Ke7 32. Rf7+ 1-0

[Event "Vaujany 2019 Principal"]
[Site "Vaujany"]
[Date "2019.07.16"]
[Round "6.2"]
[White "Turov, M.."]
[Black "Sundararajan, K.."]
[Result "1-0"]
[WhiteElo "2566"]
[BlackElo "2413"]
[PlyCount "67"]
[EventDate "2019.07.??"]
[EventRounds "9"]

1. d4 d5 2. c4 e6 3. Nc3 c5 4. cxd5 cxd4 5. Qa4+ Bd7 6. Qxd4 exd5 7. Qxd5 Nc6
8. Nf3 Nf6 9. Qd1 Bc5 10. e3 Qe7 11. a3 O-O 12. Be2 Rfd8 13. Qc2 Rac8 14. O-O
Ne5 15. Nd4 Nc6 16. Rd1 g6 17. Nxc6 Bxc6 18. Rxd8+ Rxd8 19. Bd2 Ne4 20. Be1
Nxc3 21. Bxc3 Qg5 22. Bf1 Re8 23. Re1 Re4 24. Qd3 h5 25. b4 Rg4 26. e4 Bb6 27.
Bb2 Rf4 28. Bd4 Bb5 29. Qg3 Qxg3 30. hxg3 Rg4 31. Bxb6 Bxf1 32. Bd8 Bd3 33. f3
Rxg3 34. Bh4 1-0